Carregant...

The arthasamgraha of Laugaksi Bhaskara/

Dades bibliogràfiques
Autor principal: Gajendragadkar A B
Altres autors: Karmarkar R D
Format: Printed Book
Publicat: New Delhi: Motilal Banarsidass, 1984.
Matèries:
LEADER 01615nam a22002411a 4500
020 |a 9780895817495 
082 |a S 181.42  |b GAJ/A 
100 |a Gajendragadkar A B  |9 99990 
245 |a The arthasamgraha of Laugaksi Bhaskara/  |c by Gajendragadkar A B. 
260 |a New Delhi:  |b Motilal Banarsidass,  |c 1984. 
650 |a Arthasamgraha  |9 99991 
650 |a Philosophy   |9 99992 
650 |a Mimamsa  |z India  |9 99993 
700 |a Karmarkar R D  |9 99994 
942 |c BK 
999 |c 3063  |d 3063 
952 |0 0  |1 0  |4 0  |6 S_181_420000000000000_GAJ_A  |7 0  |9 4659  |a SSUS  |b SSUS  |d 2015-01-08  |g 295.00  |l 1  |o S 181.42 GAJ/A  |p 038132  |r 2016-08-12  |s 2016-08-08  |v 0.00  |w 2015-01-08  |y BK 
952 |0 0  |1 0  |4 0  |6 S_181_420000000000000_GAJ_A  |7 0  |9 4660  |a SSUS  |b SSUS  |d 2015-01-08  |g 150.00  |o S 181.42 GAJ/A  |p 004747  |r 2015-01-08  |v 0.00  |w 2015-01-08  |y BK 
952 |0 0  |1 0  |4 0  |6 S_181_420000000000000_GAJ_A  |7 0  |9 4661  |a SSUS  |b SSUS  |d 2015-01-08  |g 295.00  |l 3  |o S 181.42 GAJ/A  |p 038129  |r 2019-02-04  |s 2019-01-31  |v 0.00  |w 2015-01-08  |y BK 
952 |0 0  |1 0  |4 0  |6 S_181_420000000000000_GAJ_A  |7 0  |9 4662  |a SSUS  |b SSUS  |d 2015-01-08  |g 295.00  |l 2  |o S 181.42 GAJ/A  |p 038130  |r 2019-09-19  |s 2019-07-16  |v 0.00  |w 2015-01-08  |y BK 
952 |0 0  |1 0  |4 0  |6 S_181_420000000000000_GAJ_A  |7 0  |9 4663  |a SSUS  |b SSUS  |d 2015-01-08  |g 295.00  |l 1  |o S 181.42 GAJ/A  |p 038131  |r 2016-04-21  |s 2015-07-28  |v 0.00  |w 2015-01-08  |y BK 
952 |0 0  |1 0  |4 0  |6 S_181_420000000000000_GAJ_A  |7 0  |9 4664  |a SSUS  |b SSUS  |d 2015-01-08  |g 295.00  |l 2  |o S 181.42 GAJ/A  |p 038133  |r 2018-01-30  |s 2018-01-20  |v 0.00  |w 2015-01-08  |y BK 
952 |0 0  |1 0  |4 0  |6 S_181_420000000000000_GAJ_A  |7 0  |9 4665  |a SSUS  |b SSUS  |d 2015-01-08  |g 150.00  |l 2  |o S 181.42 GAJ/A  |p 004549  |r 2018-11-12  |s 2018-09-26  |v 0.00  |w 2015-01-08  |y BK